000 01205nam a22002297a 4500
003 OSt
005 20230202133610.0
008 221006b |||||||| |||| 00| 0 eng d
020 _a978 9968 589 15 4
040 _cBiblioteca Lado V
082 _a704.942.8
_bG9347d
100 _eautor
245 _aDetrás del portón rojo/
_bUna visión de la erotica en el arte costarricense/
250 _a1 edicion
260 _aCosta Rica
_bMuseo de Arte Costarricense
_c2019
300 _c28x22cm
_a150p.
505 _tPrologo
_tDetrás del portón rojo
_tCronicas del Deseo
_tEl portón quedo abierto y Eros salió a jugar
_tLas cicatrices del fallo moral
_tVoluptuosidades de la tierra
_tEl jardín de los frutos exquisitos
_tLo divino...aspecto fascinante de lo prohibido
_tResplandores de lo torcido
_tOrillas del goce y de lo inquietante
_tErotica en el espacio publico oficial
_tDocumentos Anexos
_tSalas
_tAgradecimientos
_tCréditos Institucionales
650 0 _2Tesauro de Arte & Arquitectura
_aARTE EROTICO
_9702
650 _2Tesauro de Arte & Arquitectura
_aEXPOSICIONES
_9702
650 _2Tesauro de Arte & Arquitectura
_aCOSTA RICA
_9702
942 _2ddc
_c1
_h704.942.8
_iG9347d
_n0
999 _c3045
_d3045